Vista normal
Vista MARC
Entrada Materia (personas)
Número de registros utilizados en: 1
001 - CONTROL NUMBER
- control field: 63941
003 - CONTROL NUMBER IDENTIFIER
- control field: Co-BoUCM
005 - DATE AND TIME OF LATEST TRANSACTION
- control field: 20140822161835.0
008 - FIXED-LENGTH DATA ELEMENTS
- fixed length control field: 140822|| aca||aabn | a|a d
040 ## - CATALOGING SOURCE
- Original cataloging agency: Co-BoUCM
- Transcribing agency: Co-BoUCM
100 ## - HEADING--PERSONAL NAME
- Personal name:
- Numeration: Dareste, P.
- Dates associated with a name: 1851-1937
- Fuller form of name: (Pierre)
670 ## - SOURCE DATA FOUND
- Source citation: Work cat.: (Co-BoUCM): Dareste, P. 1851-1937 (Pierre), Les voies de recours contre les actes de la puissance publique, 1914